Management im 21. Jahrhundert

Gespeichert in:
Bibliographische Detailangaben
1. Verfasser: Drucker, Peter F.
Weitere Verfasser: Grave, Frank, Vogel, Ralf
Format: Buch
Sprache:Deutsch
Veröffentlicht: München Econ Verlag 2005
Ausgabe:4. Aufl.
Schlagworte:
Tags: Tag hinzufügen
Keine Tags, Fügen Sie das erste Tag hinzu!

MARC

LEADER 00000nam$a2200000$$$4500
001 0028549
005 20240314090432.8
020 |a 3-430-12238-4 
041 0 |a ger 
044 |a DE 
245 1 0 |a Management im 21. Jahrhundert  |c Peter F. Drucker ; aus dem amerikanischen von Frank Grave und Ralf Vogel 
250 |a 4. Aufl. 
264 1 |a München  |b Econ Verlag  |c 2005 
300 |a 272 s. 
610 2 0 |a manažment 
610 2 0 |a paradigma 
610 2 0 |a riadenie 
610 2 0 |a riadenie podnikové 
610 2 0 |a informácie 
610 2 0 |a manažment personálny 
610 2 0 |a štruktúra organizačná 
100 1 |a Drucker, Peter F. 
700 1 |a Grave, Frank 
700 1 |a Vogel, Ralf